000 00444nam a2200169Ia 4500
008 230711s9999||||xx |||||||||||||| ||und||
020 _a978-93-90385-27-0
041 _aENG
082 _a515.35
_bRE-F
100 _aReddy,J.N
245 0 _aIntroduction to the Finite Element Method
250 _a4th Ed.
260 _c2019
_aNew Delhi
_bMcGraw Hill Education(India) Private Limited
300 _a782p.
650 _aMathematics
942 _cBK
999 _c6983
_d6983